|
|
|
|
| LEADER |
00000cam a2200000 a 4500 |
| 001 |
vtls008373875 |
| 003 |
SK-MaSNL |
| 005 |
20260301123437.0 |
| 008 |
230403s1950 xo gr 000 p slo |
| 015 |
|
|
|a SNBA19451955-003831
|
| 020 |
|
|
|q (viazané)
|
| 035 |
|
|
|a SK01SNKBKSFS20010066092
|
| 035 |
|
|
|a urn:nbn:sk:snk-am3i92f
|
| 035 |
|
|
|a F62AC156-287F-498A-9F4F-6BD577A32648
|
| 035 |
|
|
|a urn:nbn:sk:snk-am00dxzw
|
| 035 |
|
|
|a SKM000068555
|
| 040 |
|
|
|a SNK
|b slo
|c SNK
|e AACR2
|
| 041 |
0 |
|
|a slo
|
| 044 |
|
|
|a xo
|c SK
|
| 072 |
|
7 |
|a 821.162.4-1
|x Slovenská poézia
|2 konspekt
|
| 080 |
|
|
|a 821.162.4-1
|2 2011
|
| 080 |
|
|
|a 821.162.4-14
|2 2011
|
| 100 |
1 |
|
|a Hollý, Ján,
|d 1785-1849
|4 aut
|4 hnr
|9 16461
|
| 245 |
1 |
0 |
|a Cirillo-Metodiada
|c Jan Hollí
|
| 260 |
|
|
|a Trnava
|b Spolok svätého Vojtecha
|c 1950
|e Trnava
|f Západoslovenské tlačiarne
|
| 300 |
|
|
|a 159 strán
|c 21 cm
|
| 366 |
|
|
|e 5500 kusov
|
| 490 |
1 |
|
|a Dielo Jána Hollého
|v sväzok IV.
|
| 500 |
|
|
|a Na 100. výročie básnikovej smrti vydal Spolok sv. Vojtecha v Trnave
|
| 504 |
|
|
|a Vysvetlivky
|
| 655 |
|
7 |
|a Slovak poems
|2 SNKPHeng
|9 470412
|
| 655 |
|
7 |
|a slovenské poémy
|2 SNKPH
|9 344132
|
| 655 |
|
7 |
|a slovenská poézia
|2 SNKPH
|9 70444
|
| 800 |
1 |
|
|a Hollý, Ján,
|d 1785-1849
|t Dielo
|9 308892
|
| 852 |
|
|
|a Slovenská národná knižnica
|
| 954 |
|
|
|a beletria pôvodná (slovenská)
|2 lita
|
| 958 |
|
|
|a EUIPO
|
| 958 |
|
|
|a OND
|
| 958 |
|
|
|a RK
|
| 958 |
|
|
|a TL
|
| 958 |
|
|
|a SV
|
| 958 |
|
|
|a LX
|
| 999 |
|
|
|c 736239
|d 738169
|
| 952 |
|
|
|a SNK
|b SNK
|y VYP
|7 0
|p 17A0073329
|o snkSC 4507/4 D1
|0 0
|1 0
|4 0
|d 1997-06-20
|l 0
|r 2005-01-02 00:00:00
|w 2026-02-23
|
| 952 |
|
|
|a SNK
|b SNK
|y PREZ
|7 0
|p 17A0764201
|o snkSC 4507/4
|i snk2435/51
|0 0
|1 0
|4 0
|d 2011-12-07
|f 1
|l 0
|r 2026-02-23 22:44:49
|w 2026-02-23
|